| Поле | Инд. | ПП | Название | Значение |
|---|---|---|---|---|
| Тип записи | a | |||
| Библиографический уровень | m | |||
| 001 | Контрольный номер | 9b62133160f048009530de1543aac5a7 | ||
| 005 | Дата корректировки | 20241216130025.5 | ||
| 020 | a | ISBN | 978-5-6050336-2-2 | |
| 080 | a | Индекс УДК | 55 | |
| a | Индекс УДК | 711.4(470.620) | ||
| 084 | a | Индекс другой классификации/Индекс ББК | Щ118 | |
| 090 | x | Авторский знак | Г 36 | |
| a | Полочн. индекс | 55 | ||
| 097 | b | Оператор | *Ст* | |
| b | Оператор | *Вин* | ||
| 245 | 10 | a | Заглавие | Геология и градостроительство Сочи |
| c | Ответственность | Сочинское географическое общество; под ред. О.А. Вадачкория, Н.К.Гудковой | ||
| b | Продолж. заглавия | материалы инженерных изысканий при подготовке документов территориального планирования для обоснования размещения олимпийских объектов "Сочи-2014" | ||
| n | Номер части/ раздела | Том 1 | ||
| 260 | a | Место издания | Сочи | |
| c | Дата издания | 2024 | ||
| b | Издательство | Сочинское географическое общество | ||
| 300 | a | Объем | 196 с. | |
| 516 | 8_ | a | Прим. о типе комп. файла/ данных | Текст : непосредственный |
| 520 | 0_ | a | Аннотация | Предлагаемое двухтомное издание "Геология и градостроительство Сочи" - это своеобразный справочник. В нем обобщён опыт многолетних исследований территории Большого Сочи и прилегающей территории Туапсинского района (свыше 3800 кв. км) на основании материалов, имеющихся в распоряжении секции геологии и минералогии Сочинского географического общества (СГО) по состоянию на 2007 г. Использованы материалы исследований ОАО "Кавказгидрогеология", ФГУП "Кавказгеолсъемка", других организаций, выполняющих инженерные изыскания на территории городского округа Сочи при подготовке проведения зимней Олимпиады Сочи- 2014 по техническому заданию ОАО "Росстройизыскания" (2007-2012 гг.). |
| 653 | 0_ | a | Ключевые слова | Сочи |
| a | Ключевые слова | Геология | ||
| a | Ключевые слова | Климат | ||
| a | Ключевые слова | Полезные ископаемые | ||
| a | Ключевые слова | Подземные воды | ||
| a | Ключевые слова | Градостроительство | ||
| 655 | a | Жанр/ форма (устаревшее) | *Н* | |
| 901 | t | Тип документа | m | |
| 905 | b | Дата создания записи обработка | 29.10.24 | |
| 952 | e | Факультет | *ИСФ* | |
| a | Тип литературы для КСУ ВШ | *Н* | ||
| 990 | h | N записи в КСУ для Б/У (DOS) | 29/2024 | |
| 990 | f | Даты поступлений (DOS) | 11.07.24 | |
| g | Размещение заказа (DOS) | пожертвование от Общественной Палаты | ||
| j | Количество экземпляров (DOS) | 1 |